| 000 | 00913nam#a22003255a#4500 | ||
|---|---|---|---|
| 001 | 310 | ||
| 008 | 060615s19662000ag#####f|||||#||1#||spa#d | ||
| 245 | 1 | 0 |
_aHistoria de la Sociedad Rural Argentina : _bEn el Centenario de su fundación / _cJorge Newton. |
| 250 | _a2 ed. | ||
| 260 |
_aBuenos Aires : _bEditorial y Librería Goncourt, _c1966. |
||
| 300 |
_a381 p. ; _c22 cm. |
||
| 490 | 0 |
_aColección Nuestras Instituciones. _vno. 348 |
|
| 500 | _aSociedad Rural y su historia. | ||
| 100 | 1 | _aNewton, Jorge. | |
| 080 | _a94 Sociedad Rural Argentina | ||
| 084 | _aN48 | ||
| 653 | _aPatrimonio | ||
| 653 | _aAgro | ||
| 653 | _aFinalidades | ||
| 653 | _aSocios | ||
| 653 | _aExplotaciones agropecuarias | ||
| 653 | _aVaquerías | ||
| 653 | _aMalones | ||
| 653 | _aNacimiento | ||
| 653 | _aSociedad rural | ||
| 040 |
_aAR-ClEAG _cAR-ClEAG |
||
| 005 | 20241107184631.0 | ||
| 003 | AR-ClEAG | ||
| 942 | _cBK | ||
| 999 |
_c310 _d310 |
||
| 980 |
_62 _aEvangelina Gallicchio _82 _gEvangelina Gallicchio |
||